Métodos para el análisis de suelos y plantas adaptados en el laboratorio de suelos / (Registro nro. 8621)

Detalles MARC
000 -CABECERA
Campo de control interno 01935nam a2200253Ia 4500
008 - ELEMENTOS DE LONGITUD FIJA - INFORMACIÓN GENERAL
Campo de control de longitud fija 260220t1953||||xx |||||||||||||| ||spa||
040 ## - FUENTE DE CATALOGACIÓN
Agencia de catalogación original PY-SlUNAC
Idioma de catalogación spa
Convenciones de descripción rda
041 ## - CÓDIGO DE IDIOMA
Código de idioma para texto/pista de sonido o título separado spa
082 ## - NÚMERO DE CLASIFICACIÓN DECIMAL DEWEY
Clasificación Decimal Dewey (CDD) 631.41
Clasificación Expansiva de Cutter (EC) T511m
100 ## - ASIENTO PRINCIPAL - NOMBRE PERSONAL
Nombre personal Tirado Sulsona, Pedro
Rol del autor Autor
245 #0 - TÍTULO
Título Métodos para el análisis de suelos y plantas adaptados en el laboratorio de suelos /
Mención de responsabilidad por Pedro Tirado Sulsona [Autor] y Alvaro Gómez Silió [Autor]
264 ## - PIE DE IMPRENTA
Lugar Asunción :
Editorial Ministerio de Agricultura y Ganadería,
Año ℗1953.
300 ## - DESCRIPCIÓN FÍSICA
Páginas 1 volumen
520 ## - NOTA DE RESUMEN
Nota de resumen El libro "Métodos para el análisis de suelos y plantas adaptados en el laboratorio de suelos" de Pedro Tirado Sulsona, publicado en 1953 por el Ministerio de Agricultura y Ganadería de Paraguay, presenta una serie de técnicas y procedimientos para evaluar la calidad y fertilidad del suelo, así como la salud de las plantas. Tirado Sulsona aborda la importancia del análisis químico y físico del suelo, explicando cómo estos métodos pueden ser aplicados en el contexto agrícola para optimizar la producción y sostenibilidad de los cultivos. El autor proporciona un enfoque práctico, adaptando los métodos a las condiciones locales y los recursos disponibles, lo que lo convierte en una herramienta valiosa para agrónomos, investigadores y técnicos del área. Además, se enfatiza la relación entre las características del suelo y el desarrollo de las plantas, promoviendo un entendimiento integral de la agronomía y su impacto en la producción agrícola en Paraguay. Este trabajo se posiciona como un referente en la investigación agronómica de su época.
653 ## - MATERIA - TÉRMINO TEMÁTICO NO CONTROLADO (PALABRAS CLAVE)
Materia - término temático no controlado (palabras clave) Agricultura
653 ## - MATERIA - TÉRMINO TEMÁTICO NO CONTROLADO (PALABRAS CLAVE)
Materia - término temático no controlado (palabras clave) Análisis de suelos
653 ## - MATERIA - TÉRMINO TEMÁTICO NO CONTROLADO (PALABRAS CLAVE)
Materia - término temático no controlado (palabras clave) Métodos de laboratorio
700 ## - ENTRADA SECUNDARIA - AUTOR PERSONAL
Nombre personal Gómez Silió, Alvaro
Rol del autor Autor
942 ## - ELEMENTOS PERSONALIZADOS (KOHA)
Fecha catalogación 2026/02/17
Tipo de documento Libros
Existencias
Fuente de Clasificacion Colección Ubicacion permanente Biblioteca actual Fecha de Ingreso a la Biblioteca Origen de adquisición Código de ubicación Código de barras Tipo de Item KOHA Nota pública
Dewey Decimal Classification Colección General (CG) Biblioteca e Internet, Facultad de Ciencias Exactas y Naturales Biblioteca e Internet, Facultad de Ciencias Exactas y Naturales 02/20/2026 Donación 631.41 T511m CG1981 Libros Material disponible en la Biblioteca e Intenet, Campus UNA, San Lorenzo.